000 00733nam a22002177a 4500
001 000026514
003 DO-SdBNP
005 20220204102915.0
007 ta
008 110322s1981 dr 000 0 spa d
040 _aDO-SdBNP
_bspa
_cBNPHU
082 _aF-
_bR426m
110 1 _aRepública Dominicana.
_bSecretariado Técnico de la Presidencia
_bOficina Nacional de Estadísticas
_92319
245 1 0 _aVIII censo de población y vivienda :
_bmanual del empadronador (a)
260 _a[Santo Domingo] :
_bOficina Nacional de Estadísticas,
_c2002.
300 _a40 p. :
_bil., map. ;
_c29 cm.
590 _aInventariado, 2022 / DG
650 _aRepública Dominicana
_xCensos - manuales
_981138
910 _aDG
942 _2ddc
_cLBS1
999 _c51340
_d51340